Daňové dôsledky nepeňažných vkladov individuálneho majetku fyzických osôb

Nepeňažné vklady realizované do obchodných spoločností a ich daňové dôsledky. Fyzická osoba ako vkladateľ nepeňažného vkladu. Fyzická osoba, ktorá o majetku neúčtuje, ako vkladateľ nepeňažného vkladu. Zásoby ako nepeňažný vklad. Odpisovaný hmotný majetok ako nepeňažný vklad. Vlastná pohľadávka ako n...

Descripción completa

Guardado en:
Detalles Bibliográficos
Autor principal: Brnová, Miroslava
Formato: Capítulo de libro
Lenguaje:eslovaco
Materias:
Etiquetas: Agregar Etiqueta
Sin Etiquetas, Sea el primero en etiquetar este registro!

MARC

LEADER 00000naa a2200000 4500
001 0269605
005 20201029144329.0
041 0 |a slo 
044 |a SK 
245 1 0 |a Daňové dôsledky nepeňažných vkladov individuálneho majetku fyzických osôb  |c Miroslava Brnová 
520 |a Nepeňažné vklady realizované do obchodných spoločností a ich daňové dôsledky. Fyzická osoba ako vkladateľ nepeňažného vkladu. Fyzická osoba, ktorá o majetku neúčtuje, ako vkladateľ nepeňažného vkladu. Zásoby ako nepeňažný vklad. Odpisovaný hmotný majetok ako nepeňažný vklad. Vlastná pohľadávka ako nepeňažný vklad. 
610 2 0 |a majetok hmotný 
610 2 0 |a pohľadávky 
610 2 0 |a osoby fyzické 
610 2 0 |a dane 
610 2 0 |a vklady 
610 2 0 |a dane z príjmov 
100 1 |a Brnová, Miroslava